000
00243nam a2200097Ia 4500
001
1169980
005
20250827012511.0
008
250824s9999 xx 000 0 und d
245
0
_a
ZURAFA BERBERİ ARANIYOR
_c
CANSU ERKAN
260
_b
HEP KİTAP
999
_c
1169980
_d
1169980